Les séries des années 2020 - Statistiques

Statistiques générales
  • Ce quiz a été pris 223 fois
  • Le résultat moyen est 14 sur 50
Statistiques - réponses
Questions Réponse % Correct
Dans quelle série Netflix une jeune américaine nommée Emily travaille dans une agence de marketing de luxe en France ? Emily in Paris
96%
Quelle série sud-coréenne sortie en 2021 met en scène des jeux mortels pour de l'argent ? Squid Game
93%
Quelle série de 2022, produite par Tim Burton, est centrée sur la fille de la famille Addams ? Mercredi
91%
Quelle mini-série à succès sortie en 2020 suit une prodige des échecs nommée Beth Harmon ? Le Jeu de la dame
72%
Dans quelle série française de Netflix, l'acteur français Omar Sy incarne-t-il Assane Diop, un gentleman cambrioleur inspiré par Arsène Lupin ? Lupin
72%
Quel est le nom de la série Netflix adaptée d'un manga qui suit un groupe de pirates à la recherche d'un trésor mythique, avec un jeune capitaine nommé Monkey D. Luffy ? One Piece
60%
Quelle série dramatique, acclamée par la critique depuis 2022, suit un jeune chef étoilé qui reprend le restaurant familial à Chicago après la mort de son frère ? The Bear
60%
Quelle série française diffusée sur Canal+ parodie les émissions de téléréalité comme Le Bachelor ? La Flamme
53%
Quelle série espagnole, dérivée de "La Casa de Papel", met en scène un nouveau groupe de braqueurs à Berlin ? Berlin
48%
Dans quelle série post-apocalyptique sortie en 2023 retrouve-t-on Pedro Pascal dans le rôle de Joel ? The Last of Us
48%
Dans quelle série française, une femme au QI exceptionnel, mais peu adaptée aux normes sociales, devient détective pour résoudre des affaires criminelles ? HPI
44%
Dans quelle série une bande d’adolescents surnommés les "Pogues" cherche à résoudre le mystère de la disparition du père de l’un d’entre eux, tout en découvrant un trésor légendaire et affrontant des obstacles liés à la richesse et la loi ? Outer Banks
39%
Quelle série animée inspirée d’un célèbre jeu vidéo raconte l'histoire de deux sœurs, Vi et Jinx, dans un univers divisé entre Piltover et Zaun ? Arcane
37%
Dans quelle série Marvel diffusée sur Disney+ en 2021, un dieu de la malice, se retrouve-t-il à voyager à travers le temps et à faire face à des versions alternatives de lui-même ? Loki
37%
Dans quelle série Marvel de 2021 retrouve-t-on la Sorcière rouge et Vision dans un univers inspiré des sitcoms ? WandaVision
37%
Dans quelle série diffusée sur Netflix en 2023 est racontée l'histoire de Bernard Tapie, l'homme d'affaires français, ses succès et ses controverses ? Tapie
35%
Quel est le titre de la mini-série télévisée britannique diffusée en 2025 sur Netflix, où un adolescent de 13 ans, Jamie Miller, est accusé du meurtre de sa camarade de classe, Katie Leonard ? Adolescence
32%
Dans quelle série diffusée sur Netflix suit-on les intrigues amoureuses, les scandales et les secrets d'une famille influente de la haute société londonienne au XIXe siècle ? La Chronique des Bridgerton
32%
Quelle série britannique diffusée sur Netflix suit l’histoire touchante de Charlie et Nick, deux adolescents qui découvrent leur identité et tombent amoureux au lycée ? Heartstopper
31%
Dans quelle série une mère et ses deux enfants déménagent dans une nouvelle ville, où la mère s’intéresse au maire local Paul Randolph, tandis que sa fille adolescente fait face aux hauts et bas de l'adolescence et aux secrets de famille ? Ginny et Georgia
28%
Dans quelle série japonaise, adaptée du manga du même nom, un groupe de jeunes se retrouve piégé dans un monde parallèle où ils doivent participer à des jeux mortels pour survivre ? Alice in Borderland
27%
Dans quelle série dérivée de "Game of Thrones", diffusée en 2022, l'histoire raconte les événements menant à la guerre civile entre les Targaryen pour le trône de fer ? House of the Dragon
27%
Dans quelle série diffusée sur Disney+ suit-on une jeune héroïne pakistano-américaine fan de Captain Marvel qui découvre qu'elle a des pouvoirs ? Miss Marvel
24%
Dans quelle série diffusée sur HBO, des vacances paradisiaques dans un hôtel de luxe se transforment en une expérience sombre, alors que les secrets des clients sont dévoilés au fil des jours ? The White Lotus
21%
Dans quelle série française, diffusée en 2020 sur Canal+, suit-on l'ascension d'un jeune rappeur talentueux dans le milieu du rap parisien, avec la participation de plusieurs artistes célèbres du genre ? Validé
21%
Dans quelle série de l'univers Marvel, diffusée en 2021, un ancien Avenger et archer de renom fait équipe avec une jeune héroïne pour sauver New York et affronter des ennemis du passé ? Hawkeye
20%
Quelle série comique française de 2024 suit les mésaventures sur le plateau du premier film d'un réalisateur débutant, interprété par Pierre Niney, entouré d'une équipe hétéroclite ? Fiasco
19%
Dans quelle mini-série britannique diffusée sur Netflix en 2024, un humoriste en difficulté est-il confronté au harcèlement d'une femme vulnérable, le forçant à affronter un traumatisme enfoui ? Mon petit renne
18%
Dans quelle série allemande diffusée sur Netflix en février 2025, une famille emménage dans une maison intelligente des années 1970, réveillant une assistante virtuelle nommée Cassandra, dont les intentions s'avèrent de plus en plus sinistres ? Cassandra
17%
Quelle série de super-héros signée Marvel, diffusée en 2021, voit deux anciens coéquipiers de Captain America lutter pour reprendre son héritage ? Falcon et le Soldat de l'hiver
17%
Dans quelle série suédoise diffusée sur Netflix, un adolescent découvre qu’il est la réincarnation d’un dieu nordique dans une ville frappée par le changement climatique ? Ragnarök
17%
Dans quelle série un prince suédois, après une altercation en boîte de nuit, est envoyé dans un internat prestigieux où il entame une relation secrète avec un étudiant boursier tout en se questionnant sur sa vie entre liberté et devoir ? Young Royals
14%
Dans quelle série française, diffusée depuis 2023 sur Netflix, Stéphane Blé incarné par Jean-Pascal Zadi devient-il le premier président noir de France ? En place
13%
Dans quelle série de 2023, créée par Sam Levinson, Abel "The Weeknd" Tesfaye et Reza Fahim, une pop star en pleine crise personnelle se lie à un mystérieux gourou du show-business, mettant en lumière les dérives de l'industrie musicale ? The Idol
13%
Dans quelle série, les employés d'une entreprise subissent une procédure qui sépare leurs vies professionnelles et personnelles de manière radicale, les empêchant de se souvenir de l'autre aspect de leur existence ? Severance
12%
Dans quelle série télévisée post-apocalyptique diffusée sur Prime Video depuis 2024, une jeune femme nommée Lucy quitte son abri souterrain pour retrouver son père dans un Los Angeles dévasté après une guerre nucléaire ? Fallout
9%
Dans quelle série australienne de 2022, des élèves font face à des problèmes de drogues, de sexualité, de violence et de racisme, tandis qu'Amerie tente de se réhabiliter après avoir révélé des secrets sur ses camarades ? Hartley, cœurs à vif
9%
Dans quelle série une histoire criminelle inspirée de faits réels suit l'escroquerie et les meurtres commis par le tueur en série Charles Sobhraj dans les années 1970, à travers plusieurs pays d'Asie du Sud-Est ? Le Serpent
9%
Dans quelle série télévisée française de 2021 diffusée sur Arte un psychologue reçoit chaque semaine différents patients, tout en affrontant ses propres dilemmes personnels ? En thérapie
8%
Quelle série historique de 2023, adaptée du roman de James Clavell, suit un marin anglais qui se retrouve naufragé au Japon au XVIIe siècle et doit naviguer dans les intrigues politiques et culturelles d'un pays isolé ? Shōgun
8%
Dans quelle série de 2021, un garçon mi-humain, mi-animal, part-il à la recherche de réponses dans un monde post-apocalyptique où les hybrides sont pourchassés ? Sweet Tooth
8%
Dans quelle série de 2020, une jeune femme issue d'une communauté juive ultra-orthodoxe de Brooklyn s'enfuit en Allemagne pour échapper à son mariage arrangé et découvrir une nouvelle vie ? Unorthodox
7%
Quelle série diffusée en 2024 sur Amazon Prime Video raconte la production de l'émission de télé-réalité française, Loft Story, et les défis auxquels les producteurs ont dû faire face pour la créer ? Culte
6%
Quel est le nom de la série adaptée du roman de Liu Cixin, qui explore les premiers contacts de l'humanité avec une civilisation extraterrestre, et diffusée sur Netflix en 2023 ? Le Problème à trois corps
5%
Dans quelle série de 2020 suit-on l'histoire de Connell et Marianne, deux adolescents issus d'un petit village irlandais, dont la relation évolue au fil des années à travers l'université et au-delà ? Normal People
5%
Quelle série Netflix de 2023, adaptation libre d’Edgar Allan Poe, suit la chute d’un empire pharmaceutique à travers la mort mystérieuse de plusieurs héritiers ? La Chute de la maison Usher
4%
Dans quelle série diffusée sur Netflix en 2021, l'héroïne Alina Starkov découvre qu'elle possède un pouvoir unique capable de changer le destin de son pays, plongé dans un conflit avec des créatures dangereuses ? Shadow and Bone
4%
Quelle série, diffusée en 2021, suit une famille noire confrontée à des phénomènes surnaturels dans leur nouvelle maison en banlieue de Los Angeles durant les années 1950 ? Them
4%
Dans quelle série américaine, diffusée depuis 2021, un groupe d'enseignants dans une école primaire de Philadelphie tente de surmonter les défis de l'éducation tout en apportant des moments de comédie et de solidarité ? Abbott Elementary
3%
Dans quelle série danoise diffusée sur Netflix suit-on les intrigues politiques et personnelles d'une femme politique qui devient la première ministre du Danemark ? Borgen
3%
Aucun quiz correspondant
Distribution des résultats
% des personnes avec chaque résultat
Percentile par nombre de réponses
Votre historique - résultats
Vous n’avez pas pris ce quiz